| 000 | 00886nas a2200289 4500 | ||
|---|---|---|---|
| 001 | BR9703187 | ||
| 003 | BR-BrBNA | ||
| 005 | 20231205100352.0 | ||
| 007 | ta | ||
| 008 | 230509b bl.|||p| |||| 00| 00por d | ||
| 040 |
_aBR-BrBNA _bpor _cBiblioteca Nacional de Agricultura |
||
| 041 | _a(Pt) | ||
| 072 | _aF03 | ||
| 100 | 1 | _aAlmeida, H.J.S. | |
| 100 | 1 | _aAssuncao, M.V. | |
| 245 | 1 | _aInfluencia do teste de envelhecimento precoce em sementes de jucara (Euterpe oleracea, Mart.) | |
| 650 | _aAcai | ||
| 650 | _aSemente | ||
| 650 | _aGerminacao | ||
| 650 | _aTeste de Vigor | ||
| 650 | _aBanco de Germoplasma | ||
| 650 | _aMelhoramento Genetico Vegetal | ||
| 650 | _aMaranhao | ||
| 773 | 0 |
_tPesquisa em Foco - Universidade Estadual do Maranhao (Brazil) _x _g(Jan-Dec 1994), v. 3(3) p. 11-20 _wBR9703187 |
|
| 909 |
_a202311 _bLúcia _c55 _dLúcia Elande |
||
| 942 |
_2AGRIS _n0 _cANA |
||
| 999 |
_c155626 _d155626 |
||